00697nam a2200181 i 450000100060000000300090000600500170001500700030003200800410003510000280007624501210010426000800022530000220030560000280032785200220035599900170037795201210039462364ES-MaACL20230906164643.0t|031120s1911 fr ||||1| fre d1 aFélox, Pierre.94922910aDeus cas de conscience b: les catholiques français, l'affaire Dreyfus et l'action française / cPierre Félix. aCamp de Laythonay : b[s.n.], c1911 (eAngoulême : fL. Cognemard et C.) a104 p. ; c18 cm.04aDreyfus, Alfred.945616 aES-MaACLjF-10568 c62364d62364 00104070aATENEOMbATENEOMcSPP2d2008-01-17eSCl0oF-10568p1065381r2023-02-23 00:00:00w2023-02-23yMONOGRAFIA